00417cam a22001572 4500001001100000005001700011008004100028020001200069040001500081050001800096100003200114245004100146260003300187300001100220650002800231000000346820151217155822.0070507s xx 000 0 eng d cKES 425 aKABUcKABU 0aKSK442b.H8731 aHussain, Ashiq.@000014994710aAid to passing A.I.B. Stage 1 law 1. aNairobi :bHeinemann,c1985. a176 p. 0aLawzKenya.@0000153410